[Event "Mondiale Semilampo 2016"]
[Site "Doha QAT"]
[Date "2016.12.28"]
[Round "12.6"]
[White "Anand, Viswanathan"]
[Black "Riazantsev, Alexander"]
[Result "1/2-1/2"]
[WhiteTitle "GM"]
[BlackTitle "GM"]
[WhiteElo "2779"]
[BlackElo "2671"]
[WhiteFideId "5000017"]
[BlackFideId "4125029"]
[EventDate "2016.12.26"]

1. e4 c6 2. d4 d5 3. e5 Bf5 4. Nf3 e6 5. Be2 Ne7 6. O-O h6 7. c3 Nd7 8. Na3 Bg6
9. Nc2 Nf5 10. g4 Ne7 11. Nh4 Bh7 12. f4 h5 13. f5 Qb6 14. a4 a5 15. Ne3 O-O-O
16. fxe6 fxe6 17. gxh5 g6 18. Bd3 gxh5 19. Bxh7 Rxh7 20. Kh1 Bh6 21. Neg2 Bxc1
22. Qxc1 c5 23. Qc2 Rg7 24. Nf4 Kb8 25. Rad1 cxd4 26. cxd4 Rc8 27. Qe2 Rg4 28.
Nhg2 Rcg8 29. Ne3 R4g5 30. Qb5 Nf5 31. Nxf5 Rxf5 32. Qxb6 Nxb6 33. Nxe6 Rxf1+
34. Rxf1 Nxa4 35. Nf4 Nxb2 36. Nxd5 Nc4 37. e6 Re8 38. e7 Nd6 39. Rf6 Nc8 40.
Rf8 Nd6 41. Nf6 Rc8 42. d5 Kc7 43. e8=Q Nxe8 44. Nxe8+ Kb6 45. d6 Rd8 46. Rf6
Kc6 47. Re6 a4 48. Re3 b5 49. Rc3+ Kb6 50. Re3 b4 51. Re4 Kc5 52. Re5+ Kc6 53.
Re4 Rb8 54. Rc4+ Kd5 55. d7 Kxc4 56. Nd6+ Kb3 57. Nc8 a3 58. d8=Q a2 59. Qd3+
Kb2 60. Qd4+ Kb1 61. Qe4+ Kc1 62. Qf4+ Kc2 63. Qc7+ Kb3 64. Qg3+ Ka4 65. Qxb8
a1=Q+ 66. Kg2 Qg7+ 67. Kf2 Qd4+ 1/2-1/2

[Event "Mondiale Semilampo 2016"]
[Site "Doha QAT"]
[Date "2016.12.28"]
[Round "12.16"]
[White "Bu, Xiangzhi"]
[Black "Tomashevsky, Evgeny"]
[Result "1/2-1/2"]
[WhiteTitle "GM"]
[BlackTitle "GM"]
[WhiteElo "2705"]
[BlackElo "2716"]
[WhiteFideId "8601445"]
[BlackFideId "4147235"]
[EventDate "2016.12.26"]

1. Nf3 Nf6 2. c4 b6 3. d4 e6 4. a3 Bb7 5. Nc3 d5 6. Bg5 Be7 7. Qa4+ Qd7 8. Qxd7+
Nbxd7 9. e3 dxc4 10. Bxc4 Ne4 11. Bxe7 Kxe7 12. Nxe4 Bxe4 13. Ke2 c5 14. Rhd1
Bxf3+ 15. Kxf3 cxd4 16. Rxd4 Rac8 17. Bd3 Ne5+ 18. Ke2 Nxd3 19. Rxd3 Rc2+ 20.
Rd2 Rhc8 1/2-1/2

[Event "Mondiale Semilampo 2016"]
[Site "Doha QAT"]
[Date "2016.12.28"]
[Round "12.17"]
[White "Cheparinov, Ivan"]
[Black "Li, Chao b"]
[Result "1/2-1/2"]
[WhiteTitle "GM"]
[BlackTitle "GM"]
[WhiteElo "2689"]
[BlackElo "2720"]
[WhiteFideId "2905540"]
[BlackFideId "8604436"]
[EventDate "2016.12.26"]

1. d4 Nf6 2. c4 g6 3. Nf3 Bg7 4. g3 d5 5. Bg2 c5 6. O-O cxd4 7. Nxd4 O-O 8. cxd5
Nxd5 9. Nb5 Be6 10. Bxd5 Bxd5 11. N1c3 Bxc3 12. Nxc3 Bc6 13. Bh6 Re8 14. Qb3 Nd7
15. Rfd1 Qc8 16. Bf4 Nf6 17. f3 Qh3 18. e4 h5 19. Qc2 Red8 20. Rxd8+ Rxd8 21.
Rd1 Qc8 22. Kf2 Kg7 23. Rxd8 Qxd8 24. Be3 a6 25. Qd2 Qa5 26. Qd4 e5 1/2-1/2

[Event "Mondiale Semilampo 2016"]
[Site "Doha QAT"]
[Date "2016.12.28"]
[Round "12.19"]
[White "Inarkiev, Ernesto"]
[Black "Karjakin, Sergey"]
[Result "1/2-1/2"]
[WhiteTitle "GM"]
[BlackTitle "GM"]
[WhiteElo "2709"]
[BlackElo "2785"]
[WhiteFideId "4162722"]
[BlackFideId "14109603"]
[EventDate "2016.12.26"]

1. d4 Nf6 2. c4 e6 3. g3 Bb4+ 4. Bd2 Be7 5. Bg2 d5 6. Nf3 O-O 7. O-O c6 8. Qc2
Nbd7 9. Bf4 b6 10. cxd5 cxd5 11. Ne5 Nxe5 12. Bxe5 Bb7 13. Nc3 Rc8 14. Rac1 Ne4
15. Qd3 Nd6 16. b3 Qd7 17. Bf4 h6 18. Bd2 Rc6 19. e3 Rfc8 20. f3 Nf5 21. Nb1 Bg5
22. Kf2 g6 23. Bh3 h5 24. Rxc6 Rxc6 25. Rc1 Rxc1 26. Bxc1 Qc8 27. Bd2 Ba6 28.
Qc3 Qd7 29. a4 h4 30. Qc1 Qd6 31. Bxf5 exf5 32. Nc3 Kg7 33. Nb5 Qd7 34. Nc7 Bb7
35. Nb5 a6 36. Nc3 Be7 37. Ne2 a5 38. Nf4 Ba6 39. Qc2 Qd6 40. Nd3 Qa3 41. Nf4
Qd6 42. Bc1 Bd8 43. Ng2 hxg3+ 44. hxg3 Bc7 45. f4 Bd8 46. Nh4 Qe6 47. Nf3 Qe4
48. Qxe4 fxe4 49. Nd2 Be7 50. Nb1 Bd3 51. Nc3 Bc2 52. Nxd5 Bd8 53. Ba3 Bxb3 54.
Nc3 f5 55. Bd6 Kf7 56. Ke1 Ke6 57. Ba3 g5 58. Kd2 Kd7 59. Bf8 Kc6 60. Kc1 Bc4
61. Kd2 g4 62. Ba3 b5 63. axb5+ Bxb5 64. Bf8 Bc4 65. Ba3 Bb3 66. Bf8 a4 67. Bb4
Bc7 68. Kc1 Bd8 69. Kd2 Bc4 70. Ke1 Kb6 71. Kd2 Bb3 72. Kc1 Bc4 73. Kd2 Bb5 74.
Kd1 Bc4 75. Kd2 Ka6 76. Bc5 Ba5 77. Ba3 Bb3 78. Bc5 Kb7 79. Ba3 Kc6 80. Bc5 1/2-1/2

[Event "Mondiale Semilampo 2016"]
[Site "Doha QAT"]
[Date "2016.12.28"]
[Round "12.20"]
[White "Vachier-Lagrave, Maxime"]
[Black "Dreev, Aleksey"]
[Result "1-0"]
[WhiteTitle "GM"]
[BlackTitle "GM"]
[WhiteElo "2804"]
[BlackElo "2652"]
[WhiteFideId "623539"]
[BlackFideId "4100107"]
[EventDate "2016.12.26"]

1. Nf3 d5 2. g3 c6 3. Bg2 Bg4 4. O-O e6 5. h3 Bh5 6. d4 Nf6 7. c4 Be7 8. cxd5
Bxf3 9. Bxf3 cxd5 10. Qb3 Nc6 11. e3 O-O 12. Bd2 Qd7 13. Rc1 Rfc8 14. Bg2 Rc7
15. Na3 a6 16. Rc2 Rac8 17. Rac1 Ne8 18. Be1 g6 19. Nb1 Nd6 20. a3 Nc4 21. Qa2
Bg5 22. Rc3 Nd6 23. h4 Bh6 24. Rd1 Nb5 25. Rcd3 Bf8 26. Nd2 Ne7 27. e4 Rc1 28.
Qb3 Bh6 29. exd5 exd5 30. Nf3 Qe6 31. Rxc1 Rxc1 32. Rd1 Qe2 33. Rxc1 Bxc1 34.
Bb4 Nc6 35. Bc5 Qc4 36. Qxc4 dxc4 37. d5 Nb8 38. a4 Nd7 39. Bb4 Nc7 40. Nd2 Bxd2
41. Bxd2 Ne8 42. Bb4 b5 43. a5 Kg7 44. d6 Kf6 45. Bh3 1-0

[Event "Mondiale Semilampo 2016"]
[Site "Doha QAT"]
[Date "2016.12.28"]
[Round "12.21"]
[White "Malakhov, Vladimir"]
[Black "Akopian, Vladimir"]
[Result "1/2-1/2"]
[WhiteTitle "GM"]
[BlackTitle "GM"]
[WhiteElo "2713"]
[BlackElo "2675"]
[WhiteFideId "4120787"]
[BlackFideId "13300032"]
[EventDate "2016.12.26"]

1. e4 c5 2. Nf3 e6 3. g3 d6 4. Bg2 Nf6 5. Qe2 Nc6 6. O-O Be7 7. c3 O-O 8. d4
cxd4 9. cxd4 d5 10. e5 Ne4 11. Nc3 Nxc3 12. bxc3 Bd7 13. h4 Rc8 14. Ng5 h6 15.
Nh3 Na5 16. Qf3 Ba4 17. Nf4 Bc2 18. Bd2 Nc4 19. Qe2 Qa5 20. Be1 Bh7 21. Bh3 Rc6
22. Nd3 Qb5 23. a4 Qb3 24. f4 Na3 25. f5 Bxf5 26. Bxf5 exf5 27. Rxf5 Nb1 28. Nc1
Nxc3 29. Qd2 Qc4 30. Qxc3 Qxc3 31. Bxc3 Rxc3 32. Ne2 Rc4 33. Rf3 Rfc8 34. Rb3
Rb4 35. Rxb4 Bxb4 36. Kf2 g5 37. h5 f5 38. exf6 Kf7 39. g4 Kxf6 40. Ke3 Re8+ 41.
Kf3 Rc8 42. Ke3 Bd6 43. Kd3 Bb4 44. Rb1 a5 45. Rc1 Rxc1 46. Nxc1 Ke6 47. Ne2 Kd6
48. Ng3 Kc6 49. Nf5 Bf8 50. Ne3 b5 51. axb5+ Kxb5 52. Nxd5 a4 53. Kc3 a3 54. Kb3
Kc6 55. Ne3 Kd7 56. Nf5 Ke6 57. Ne3 Be7 58. Ka2 Bd6 59. Kb3 Bf8 60. Ka2 Bb4 61.
Kb3 Bf8 62. Ka2 1/2-1/2

[Event "Mondiale Semilampo 2016"]
[Site "Doha QAT"]
[Date "2016.12.28"]
[Round "12.22"]
[White "Salem, A.R. Saleh"]
[Black "Onischuk, Vladimir"]
[Result "1/2-1/2"]
[WhiteTitle "GM"]
[BlackTitle "GM"]
[WhiteElo "2656"]
[BlackElo "2601"]
[WhiteFideId "9301348"]
[BlackFideId "14114038"]
[EventDate "2016.12.26"]

1. d4 d6 2. e4 Nf6 3. Nc3 g6 4. f4 Bg7 5. Nf3 O-O 6. e5 dxe5 7. fxe5 Nd5 8. Bc4
Nxc3 9. bxc3 c5 10. O-O Bg4 11. Be3 Nc6 12. h3 Bxf3 13. Rxf3 Qa5 14. Qf1 Qxc3
15. Rd1 cxd4 16. Bxd4 Qa5 17. Rxf7 Kh8 18. Ba1 Rxf7 19. Qxf7 Rf8 20. Qe6 Bxe5
21. Bd5 Bxa1 22. Rxa1 Kg7 23. Kh1 Rf6 24. Qe4 Qc5 25. Re1 Kf8 26. Bb3 b6 27. Rd1
Kg7 28. Re1 e5 29. Rd1 Nd4 30. Qb7+ Kh6 31. Bg8 Kg5 32. Qxh7 Qxc2 33. Re1 Ne2
34. h4+ Kg4 35. Qd7+ Kxh4 36. Qe7 Qf5 37. Rxe2 Qf1+ 38. Kh2 Qf4+ 39. Kh1 Qc1+
40. Kh2 Qf4+ 41. Kh1 Qf1+ 42. Kh2 Qf4+ 1/2-1/2

[Event "Mondiale Semilampo 2016"]
[Site "Doha QAT"]
[Date "2016.12.28"]
[Round "12.23"]
[White "Artemiev, Vladislav"]
[Black "Nguyen, Ngoc Truong Son"]
[Result "1/2-1/2"]
[WhiteTitle "GM"]
[BlackTitle "GM"]
[WhiteElo "2653"]
[BlackElo "2629"]
[WhiteFideId "24101605"]
[BlackFideId "12401110"]
[EventDate "2016.12.26"]

1. d4 Nf6 2. Nf3 d5 3. Bf4 e6 4. e3 Bd6 5. Nbd2 O-O 6. c3 c5 7. Bg3 b6 8. a4 Ba6
9. Bb5 Qc7 10. O-O Bb7 11. a5 Nbd7 12. Qa4 Rac8 13. Rfd1 Bxg3 14. hxg3 e5 15.
dxe5 Nxe5 16. Nxe5 Qxe5 17. Nf3 Qc7 18. axb6 axb6 19. Qf4 Qxf4 20. gxf4 Ra8 21.
Ne5 h5 22. f3 Rxa1 23. Rxa1 Ra8 24. Rxa8+ Bxa8 25. Kh2 Bb7 26. Kg3 g6 27. Kh4
Kg7 28. b4 Bc8 29. Bc6 Be6 30. bxc5 bxc5 31. Nd3 c4 32. Nb4 Kf8 33. Bb7 Kg7 34.
Nc6 Nd7 35. Nb4 Nb6 36. Bc6 f6 37. g4 hxg4 38. fxg4 Kf8 39. g5 Ke7 40. Kg3 Bf7
41. Bb5 fxg5 42. fxg5 Kd6 43. Kf4 Nc8 44. Ba4 Ne7 45. Nc2 Nf5 46. Nd4 Nxd4 47.
exd4 Be6 48. Be8 Bf5 49. Ke3 Ke6 50. Ba4 Be4 51. Kf4 Bf5 52. Bd1 Kd6 53. Ke3 Ke6
54. Bf3 Kd6 55. Kd2 Ke6 56. Kc1 Bd3 57. Bg4+ Bf5 58. Bf3 Bd3 59. Kd2 Bf5 60. Ke3
Kd6 61. Bd1 Ke6 62. Ba4 Be4 63. Kf4 Bf5 64. Bb5 Bd3 65. Ba6 Bc2 66. Bc8+ Kd6 67.
Ke3 Ke7 68. Bg4 Be4 69. Bh3 Bd3 70. Kd2 Be4 71. Bg4 Bd3 72. Kc1 Bf5 73. Bf3 Ke6
74. Kb2 Bd3 75. Bg4+ Bf5 76. Bf3 Bd3 77. Ka3 Be4 78. Bg4+ Bf5 79. Bd1 Be4 80.
Bg4+ Bf5 1/2-1/2

[Event "Mondiale Semilampo 2016"]
[Site "Doha QAT"]
[Date "2016.12.28"]
[Round "12.25"]
[White "Vallejo Pons, Francisco"]
[Black "Zhigalko, Sergei"]
[Result "1/2-1/2"]
[WhiteTitle "GM"]
[BlackTitle "GM"]
[WhiteElo "2711"]
[BlackElo "2671"]
[WhiteFideId "2205530"]
[BlackFideId "13502956"]
[EventDate "2016.12.26"]

1. d4 Nf6 2. c4 e6 3. g3 c5 4. Nf3 cxd4 5. Nxd4 Qc7 6. b3 Bb4+ 7. Bd2 Bc5 8. e3
Nc6 9. Bc3 d5 10. Nxc6 bxc6 11. Bg2 Be7 12. O-O O-O 13. Nd2 a5 14. Rc1 Ba6 15.
Bxf6 Bxf6 16. cxd5 exd5 17. Re1 Qb6 18. Qc2 Rac8 19. e4 Qb4 20. Bh3 Rcd8 21. Bf1
Bb7 22. Nf3 g6 23. h4 Rfe8 24. e5 Bg7 25. Bh3 Re7 26. e6 f5 27. Re2 Rde8 28.
Rce1 Ba6 29. Qxc6 Bxe2 30. Rxe2 d4 31. Bf1 d3 32. Re3 d2 33. Qd5 Bh6 34. Rd3 Qe4
35. Nxd2 Qxd5 36. Rxd5 Rxe6 37. Nf3 Ra8 38. Bc4 Kh8 39. Ne5 Re7 40. Nc6 Re1+ 41.
Kg2 a4 42. bxa4 Rxa4 43. Rd8+ Kg7 44. Rd7+ Kh8 45. Rd8+ Kg7 46. Rd7+ Kh8 47.
Rd8+ Kg7 48. Rd7+ Kh8 49. Rd8+ Kg7 50. Rd7+ Kh8 51. Rd8+ Kg7 52. Rd7+ 1/2-1/2

[Event "Mondiale Semilampo 2016"]
[Site "Doha QAT"]
[Date "2016.12.28"]
[Round "12.26"]
[White "Wojtaszek, Radoslaw"]
[Black "Banikas, Hristos"]
[Result "1/2-1/2"]
[WhiteTitle "GM"]
[BlackTitle "GM"]
[WhiteElo "2749"]
[BlackElo "2568"]
[WhiteFideId "1118358"]
[BlackFideId "4202031"]
[EventDate "2016.12.26"]

1. d4 Nf6 2. c4 g6 3. Nc3 Bg7 4. e4 d6 5. Nf3 O-O 6. Be2 e5 7. O-O Na6 8. Be3
Qe7 9. Bg5 Qe8 10. Bxf6 Bxf6 11. c5 exd4 12. Nd5 Qd8 13. Bxa6 bxa6 14. cxd6 cxd6
15. Nxf6+ Qxf6 16. Qxd4 Qxd4 17. Nxd4 Re8 18. Rfe1 Rb8 19. b3 Rb4 20. Rad1 f5
21. f3 fxe4 22. Nc2 Rb6 23. Ne3 Be6 24. fxe4 Bf7 25. Rd4 a5 26. Red1 Rb5 27. Kf2
Kg7 28. Nc4 Bxc4 29. Rxc4 Re6 30. Rc7+ Kh6 31. Rd4 Rb4 32. Rxb4 axb4 33. Kf3 a5
34. Rc6 Rf6+ 35. Ke3 Kg7 36. Ra6 Rf1 37. Rxa5 Rg1 38. Kf2 Rc1 39. h4 Kf6 40. Rb5
Rc2+ 41. Kf3 Rxa2 42. Rxb4 h5 43. Rb5 Rb2 44. g3 Rb1 45. Ke3 Rg1 46. Kf2 Rb1 47.
Kg2 Ke6 48. Kf3 Kf6 49. b4 Rb3+ 50. Kf4 Rb1 51. Rb8 Rf1+ 52. Ke3 Rg1 53. Kf2 Rb1
54. b5 Ke5 55. Re8+ Kf6 56. Rb8 Ke5 57. b6 Kxe4 58. b7 Rb2+ 59. Ke1 Kd5 60. Kf1
Kd4 61. Rd8 Rxb7 62. Rxd6+ Ke4 63. Rxg6 Kf3 64. Ke1 Rb2 65. Rg5 Re2+ 66. Kf1
Rf2+ 67. Ke1 Re2+ 1/2-1/2

[Event "Mondiale Semilampo 2016"]
[Site "Doha QAT"]
[Date "2016.12.28"]
[Round "12.27"]
[White "Anton Guijarro, David"]
[Black "Dubov, Daniil"]
[Result "1-0"]
[WhiteTitle "GM"]
[BlackTitle "GM"]
[WhiteElo "2650"]
[BlackElo "2660"]
[WhiteFideId "2285525"]
[BlackFideId "24126055"]
[EventDate "2016.12.26"]

1. d4 Nf6 2. c4 e6 3. Nf3 d5 4. Nc3 c6 5. Bg5 Nbd7 6. e3 Qa5 7. Nd2 Bb4 8. Qc2
O-O 9. Be2 c5 10. Bf4 cxd4 11. exd4 b6 12. O-O dxc4 13. Nxc4 Qf5 14. Qxf5 exf5
15. Bd6 Bxd6 16. Nxd6 g6 17. Rfe1 Ne4 18. Bf3 Ndf6 19. Ncxe4 fxe4 20. Nxe4 Nxe4
21. Bxe4 Rb8 22. Rac1 Bb7 23. f3 Bxe4 24. fxe4 Rfd8 25. d5 Rbc8 26. Kf2 f6 27.
Ke3 Kf7 28. Kd4 Ke7 29. g4 g5 30. b4 h5 31. gxh5 Rh8 32. Rxc8 Rxc8 33. e5 fxe5+
34. Rxe5+ Kf6 35. Re6+ Kf5 36. Re2 Kf6 37. d6 Rc1 1-0

[Event "Mondiale Semilampo 2016"]
[Site "Doha QAT"]
[Date "2016.12.28"]
[Round "12.28"]
[White "Volokitin, Andrei"]
[Black "Leko, Peter"]
[Result "1/2-1/2"]
[WhiteTitle "GM"]
[BlackTitle "GM"]
[WhiteElo "2649"]
[BlackElo "2693"]
[WhiteFideId "14107090"]
[BlackFideId "703303"]
[EventDate "2016.12.26"]

1. e4 e5 2. Nf3 Nc6 3. Bc4 Bc5 4. O-O Nf6 5. d3 O-O 6. a4 a6 7. Re1 d6 8. c3 Ba7
9. h3 Ne7 10. Nbd2 Ng6 11. Nf1 c6 12. Be3 Bb8 13. Ng3 d5 14. Bb3 h6 15. Qc2 Re8
16. Rad1 Bd7 17. d4 exd4 18. Bxd4 Bxg3 19. Bxf6 Bxf2+ 20. Qxf2 Qxf6 21. exd5
cxd5 22. Bxd5 Bxa4 23. Bxb7 Bxd1 24. Bxa8 Rxa8 25. Rxd1 Rb8 26. Rd2 Ne5 27. Nxe5
Qxe5 28. Rd7 Qe6 29. Qd2 Qb6+ 30. Kh1 Qxb2 31. Rd8+ Kh7 32. Qd3+ g6 33. Rxb8
Qxb8 34. Qxa6 Qf4 35. Qd3 1/2-1/2

[Event "Mondiale Semilampo 2016"]
[Site "Doha QAT"]
[Date "2016.12.28"]
[Round "12.29"]
[White "Bortnyk, Olexandr"]
[Black "Pantsulaia, Levan"]
[Result "1-0"]
[WhiteTitle "GM"]
[BlackTitle "GM"]
[WhiteElo "2581"]
[BlackElo "2607"]
[WhiteFideId "14120828"]
[BlackFideId "13602071"]
[EventDate "2016.12.26"]

1. e4 c5 2. Nf3 e6 3. Nc3 a6 4. g3 b5 5. Bg2 Bb7 6. d3 d6 7. O-O Nd7 8. Qe2 Be7
9. Bd2 Ngf6 10. Ng5 Qb6 11. f4 h6 12. Nf3 b4 13. Nd1 c4+ 14. Be3 cxd3 15. cxd3
Qa5 16. Nf2 Rc8 17. Qe1 Nc5 18. a3 Nb3 19. Rb1 d5 20. f5 dxe4 21. dxe4 O-O 22.
e5 Nd5 23. f6 Bc5 24. Bxc5 Qxc5 25. fxg7 Kxg7 26. Nd2 Nxd2 27. Qxd2 Rc7 28. Rbc1
Qb6 29. Rxc7 Qxc7 30. Bxd5 Bxd5 31. Ng4 Rh8 32. axb4 Be4 33. Qf4 Bf5 34. Ne3 Bg6
35. h4 h5 36. g4 hxg4 37. Qf6+ Kh7 38. Nxg4 Qb6+ 39. Kh2 Qxb4 40. Qg5 Kg8 41.
Rd1 Qxb2+ 42. Rd2 Rxh4+ 43. Kg3 Rxg4+ 44. Kxg4 Qb4+ 45. Kg3 Qc3+ 46. Kh2 Kh7 47.
Qh4+ Kg7 48. Qf6+ Kh7 49. Qh4+ Kg7 50. Qf6+ Kh7 51. Qf4 a5 52. Kg1 Qc1+ 53. Kg2
Qe1 54. Rf2 Kg8 55. Qg5 Qe4+ 56. Kh2 Qd4 57. Rd2 Qe4 58. Kg3 Qe1+ 59. Kh2 Kh7
60. Rg2 a4 61. Rg4 Qf2+ 62. Rg2 Qd4 63. Rd2 Qe4 64. Kg3 Qe1+ 65. Rf2 Qc3+ 66.
Kh2 Qb4 67. Kg3 Qd4 68. Qh4+ Qxh4+ 69. Kxh4 Bb1 70. Rxf7+ Kg8 71. Ra7 Bc2 72.
Kg5 Bb3 73. Kf6 Kh8 74. Kg6 Bc2+ 75. Kf7 Bb3 76. Kf8 Bc2 77. Rd7 Bb3 78. Rc7 Bd5
79. Ra7 Bb3 80. Rb7 Bd1 81. Rb1 Bf3 82. Rb4 Kh7 83. Kf7 Kh6 84. Rxa4 Bd5 85. Kf6 1-0

[Event "Mondiale Semilampo 2016"]
[Site "Doha QAT"]
[Date "2016.12.28"]
[Round "12.30"]
[White "Jumabayev, Rinat"]
[Black "Najer, Evgeniy"]
[Result "1-0"]
[WhiteTitle "GM"]
[BlackTitle "GM"]
[WhiteElo "2611"]
[BlackElo "2679"]
[WhiteFideId "13702661"]
[BlackFideId "4118987"]
[EventDate "2016.12.26"]

1. Nf3 d5 2. d4 Nf6 3. c4 c6 4. Qb3 dxc4 5. Qxc4 Bg4 6. Nbd2 Nbd7 7. Qb3 Qb6 8.
Nc4 Qxb3 9. axb3 e6 10. Bd2 Ne4 11. Ba5 f6 12. e3 Be7 13. Bd3 Nd6 14. Bc7 Nb5
15. Bg3 Kf7 16. Nfd2 Bf5 17. Be2 h5 18. h4 c5 19. Ne5+ Nxe5 20. dxe5 a6 21. O-O
Rad8 22. Nc4 Bd3 23. Bxd3 Rxd3 24. Rfd1 Rxd1+ 25. Rxd1 Rd8 26. Rxd8 Bxd8 27.
exf6 Bxf6 28. Kf1 Ke7 29. Ke2 Kd7 30. f3 Na7 31. Be5 b5 32. Bxf6 gxf6 33. Nd2 f5
34. g4 fxg4 35. fxg4 hxg4 36. Ne4 c4 37. bxc4 bxc4 38. Nf6+ Ke7 39. Nxg4 Nb5 40.
Kd2 Kd6 41. h5 Ke7 42. Ne5 Kf6 43. h6 c3+ 44. bxc3 Nd6 45. Ng4+ Kg6 46. Kd3 a5
47. c4 a4 48. c5 a3 49. Kc2 Nb5 50. Kb3 Kh7 51. c6 Kg6 52. Ka2 Kh7 53. Ka1 Kg6
54. Kb1 Kh7 55. Ka2 Kg6 56. Kb3 Kh7 57. Ne5 Kxh6 58. Nc4 Kg6 59. Nxa3 Na7 60. c7
Kf5 61. Kc4 Ke4 62. Nc2 e5 63. Kc5 Kd3 64. Nb4+ Kxe3 65. Nc6 Nc8 66. Nxe5 Ke4
67. Nc4 Ne7 68. Kd6 Nc8+ 69. Kd7 Na7 70. Nd6+ Kd5 71. Nb5 1-0

[Event "Mondiale Semilampo 2016"]
[Site "Doha QAT"]
[Date "2016.12.28"]
[Round "12.32"]
[White "Khusnutdinov, Rustam"]
[Black "Naiditsch, Arkadij"]
[Result "0-1"]
[WhiteTitle "GM"]
[BlackTitle "GM"]
[WhiteElo "2458"]
[BlackElo "2687"]
[WhiteFideId "13701703"]
[BlackFideId "4650891"]
[EventDate "2016.12.26"]

1. d4 Nf6 2. c4 g6 3. Nc3 Bg7 4. Nf3 O-O 5. Bg5 d6 6. e3 c5 7. d5 e6 8. Be2 exd5
9. cxd5 Re8 10. O-O a6 11. a4 Nbd7 12. Nd2 Rb8 13. Re1 h6 14. Bh4 g5 15. Bg3 Ne5
16. Qc2 h5 17. h4 Nfg4 18. hxg5 Qxg5 19. Bf4 Qh4 20. Bxg4 hxg4 21. a5 Qh5 22.
Nce4 Qg6 23. Qb3 Bf5 24. Bxe5 Bxe5 25. Ng3 Bc2 26. Qa3 Qd3 27. Qxd3 Bxd3 28. Ra4
f5 29. Nc4 Bxg3 30. fxg3 Bxc4 31. Rxc4 Re5 32. Rf1 Rf8 33. Rcf4 Rxe3 34. Rxf5
Rxf5 35. Rxf5 Re5 36. Rxe5 dxe5 37. Kf2 Kf7 38. Ke3 Kf6 39. Ke4 c4 40. d6 Ke6
41. d7 Kxd7 42. Kxe5 Kc6 43. Kf4 b5 44. axb6 a5 45. Ke3 Kxb6 46. Kd2 Kc5 47. Kc3
Kd5 48. Kd2 Kd4 49. Kc2 Ke3 50. Kc3 Kf2 51. Kxc4 Kxg3 52. Kb5 Kxg2 53. Kxa5 g3 0-1

[Event "Mondiale Semilampo 2016"]
[Site "Doha QAT"]
[Date "2016.12.28"]
[Round "12.33"]
[White "Mamedov, Rauf"]
[Black "Bok, Benjamin"]
[Result "1-0"]
[WhiteTitle "GM"]
[BlackTitle "GM"]
[WhiteElo "2688"]
[BlackElo "2598"]
[WhiteFideId "13401653"]
[BlackFideId "1017063"]
[EventDate "2016.12.26"]

1. e4 c5 2. Nc3 d6 3. Nf3 Nf6 4. e5 dxe5 5. Nxe5 a6 6. a4 Qc7 7. Nc4 b6 8. a5 b5
9. Nb6 Ra7 10. d4 cxd4 11. Qxd4 e5 12. Qh4 Be7 13. Bd3 b4 14. Nca4 Be6 15. Bg5
h6 16. O-O O-O 17. Bxf6 Bxf6 18. Qxb4 Be7 19. Qc3 f5 20. Bc4 Bxc4 21. Qxc4+ Qxc4
22. Nxc4 e4 23. Rfd1 Rc7 24. b3 Nc6 25. Nab6 Bf6 26. Nd5 Bxa1 27. Nxc7 Bc3 28.
Nxa6 Nxa5 29. Nxa5 Bxa5 30. b4 Bb6 31. c4 Ra8 32. b5 Rc8 33. Rc1 e3 34. Kf1 Bd4
35. fxe3 Bxe3 36. Rc2 Kf7 37. c5 Ra8 38. Ke2 f4 39. b6 Rxa6 40. b7 f3+ 41. Kxe3
Ra3+ 42. Kf2 Rb3 43. c6 fxg2 44. Kxg2 1-0

[Event "Mondiale Semilampo 2016"]
[Site "Doha QAT"]
[Date "2016.12.28"]
[Round "12.34"]
[White "Halkias, Stelios"]
[Black "Lalith, Babu M R"]
[Result "0-1"]
[WhiteTitle "GM"]
[BlackTitle "GM"]
[WhiteElo "2585"]
[BlackElo "2587"]
[WhiteFideId "4201809"]
[BlackFideId "5024595"]
[EventDate "2016.12.26"]

1. e4 e5 2. Nf3 Nc6 3. Bb5 a6 4. Ba4 Nf6 5. O-O Nxe4 6. d4 b5 7. Bb3 d5 8. dxe5
Be6 9. Qe2 Be7 10. Rd1 Nc5 11. Nc3 Nxb3 12. axb3 O-O 13. h3 Nb4 14. Bf4 c5 15.
Na2 Nxa2 16. Rxa2 h6 17. Raa1 Qb6 18. b4 cxb4 19. Nd4 Bc5 20. Be3 Rfc8 21. Rd3
Qc7 22. Qh5 Bxd4 23. Rxd4 Qxc2 24. Rxb4 Rab8 25. Rxa6 Rc4 26. Rxc4 bxc4 27. Kh2
Qxb2 28. Bxh6 Qc2 29. Rxe6 fxe6 30. Qg4 Rb7 31. Qxe6+ Kh7 32. Qxd5 Rc7 33. Be3
Qd3 34. Qa5 Rd7 35. g3 Qe4 36. Qc3 Rd1 37. g4 Rd3 38. Qa1 c3 39. Qa5 c2 40. e6
Rd5 41. Qc3 Qe5+ 42. Qxe5 Rxe5 43. Bf4 Rxe6 44. Kg2 Re1 0-1

[Event "Mondiale Semilampo 2016"]
[Site "Doha QAT"]
[Date "2016.12.28"]
[Round "12.36"]
[White "Ganguly, Surya Shekhar"]
[Black "Firouzja, Alireza"]
[Result "1-0"]
[WhiteTitle "GM"]
[BlackTitle "IM"]
[WhiteElo "2668"]
[BlackElo "2456"]
[WhiteFideId "5002150"]
[BlackFideId "12573981"]
[EventDate "2016.12.26"]

1. e4 c5 2. Nf3 d6 3. d4 cxd4 4. Nxd4 Nf6 5. Nc3 a6 6. h3 e5 7. Nde2 b5 8. Ng3
Qc7 9. a3 Bb7 10. Bg5 Nbd7 11. Qf3 h6 12. Bxf6 Nxf6 13. Be2 Rd8 14. Rd1 d5 15.
exd5 b4 16. axb4 Bxb4 17. Nf5 g6 18. Ne3 Bxc3+ 19. bxc3 Qxc3+ 20. Kf1 e4 21. Qf4
O-O 22. d6 Kg7 23. h4 Nd7 24. Ng4 h5 25. Rh3 Qxc2 26. Qh6+ Kg8 27. Ne3 Qc5 28.
Rg3 Nb6 29. Bxh5 Nd5 30. Bxg6 Nxe3+ 31. Kg1 1-0

[Event "Mondiale Semilampo 2016"]
[Site "Doha QAT"]
[Date "2016.12.28"]
[Round "12.37"]
[White "Borisek, Jure"]
[Black "Adly, Ahmed"]
[Result "1/2-1/2"]
[WhiteTitle "GM"]
[BlackTitle "GM"]
[WhiteElo "2561"]
[BlackElo "2599"]
[WhiteFideId "14603152"]
[BlackFideId "10601619"]
[EventDate "2016.12.26"]

1. e4 c5 2. Nf3 d6 3. Bb5+ Nd7 4. O-O Nf6 5. Re1 a6 6. Bd3 e6 7. c3 b6 8. Bc2
Bb7 9. d4 cxd4 10. cxd4 Be7 11. Nbd2 Rc8 12. Nf1 Qc7 13. Bd3 Qb8 14. Ng3 h6 15.
Qe2 b5 16. d5 exd5 17. exd5 O-O 18. Nf5 Rfe8 19. Nxe7+ Rxe7 20. Qxe7 Re8 21.
Qxe8+ Nxe8 22. Bf4 Bxd5 23. Nd4 Ne5 24. Bf1 Nf6 25. b3 Qc8 26. h3 Qc3 27. Rad1
Be4 28. Re3 Qc5 29. Ree1 Bg6 30. Bxe5 dxe5 31. Nf3 e4 32. Rc1 Qh5 33. Nd4 Qg5
34. Nc2 Nd5 35. Ne3 Nf4 36. Kh2 Nd3 37. Bxd3 exd3 38. Rcd1 h5 39. Nf1 Qf6 40.
Kg1 Kh7 41. Rd2 Qc3 42. Red1 a5 43. Nh2 a4 44. bxa4 bxa4 45. Nf3 a3 46. Ne1 Qc4
47. Nxd3 Bxd3 48. Rxd3 Qxa2 49. R3d2 Qc4 50. Ra1 g5 51. Rda2 g4 52. Rxa3 Qd4 53.
hxg4 hxg4 54. g3 f5 55. Ra4 Qc3 56. Rd1 Qb3 57. Rdd4 Qb1+ 58. Kh2 Qb6 59. Rf4
Kg6 60. Ra8 Qc5 61. Rg8+ Kh6 62. Rb8 Kg6 63. Rb2 Kg5 64. Rfb4 Qa7 65. Rb5 Qd4
66. Rc2 Qh8+ 67. Kg1 Qa1+ 68. Kh2 Qh8+ 69. Kg1 1/2-1/2